| 000 | 01310nam a2200373 i 4500 | ||
|---|---|---|---|
| 999 |
_c2664 _d2664 |
||
| 001 | 021176450 | ||
| 003 | UkOxU | ||
| 005 | 20230809113034.0 | ||
| 008 | 171103s2018 enkab 000|0|eng|d | ||
| 015 |
_aGBB800227 _2bnb |
||
| 016 | 7 |
_a018664996 _2Uk |
|
| 020 |
_a9780008260163 _qpaperback |
||
| 035 | _a(Uk)018664996 | ||
| 040 |
_aStDuBDS _beng _erda _cStDuBDS _dUkOxU _dKH8 |
||
| 082 | 0 | 4 | _a910.712 BEL |
| 100 | 1 |
_aBelfield, John, _eauthor. |
|
| 245 | 1 | 0 |
_aCambridge IGCSE® geography. _pTeacher's guide / _cJohn Belfield, Alan Parkinson, Alison Rae, John Rutter. |
| 250 | _aThird edition. | ||
| 264 | 1 |
_aLondon : _bCollins, _c[2018?] |
|
| 264 | 4 | _c©2018 | |
| 300 |
_a239 pages : _billustrations, maps ; _c30 cm |
||
| 336 |
_atext _2rdacontent |
||
| 336 |
_astill image _2rdacontent |
||
| 336 |
_acartographic image _2rdacontent |
||
| 337 |
_aunmediated _2rdamedia |
||
| 338 |
_avolume _2rdacarrier |
||
| 500 | _a"Also for Cambridge O level and Cambridge IGCSE (9-1)". | ||
| 650 | 0 |
_aGeography _xStudy and teaching (Secondary) _zGreat Britain. |
|
| 650 | 0 |
_aGeography _xStudy and teaching (Secondary) _xActivity programs _zGreat Britain. |
|
| 700 | 1 |
_aParkinson, Alan _c(Geography teacher), _eauthor. |
|
| 700 | 1 |
_aRae, Alison, _eauthor. |
|
| 700 | 1 |
_aRutter, John, _d1969- _eauthor. |
|
| 942 |
_2ddc _cTR |
||